| 000 | 00719nam a2200205 a 4500 | ||
|---|---|---|---|
| 003 | 0 | ||
| 005 | 20250312093753.0 | ||
| 008 | 090709s19uu xx 00 eng d | ||
| 050 |
_aPHS BF 637.L4 _b.P191 2009 |
||
| 100 | _aPanghulan, Carmina Mojica. | ||
| 245 |
_aThe Relationship between listening skills and leadership skills / _cCarmina Mojica Panghulan. |
||
| 260 |
_aLas PiƱas City, Philippines : _bSouthville International School and Colleges, _c2009. |
||
| 300 |
_a26 pages : _billustrations ; _c28 cm. |
||
| 500 | _aOutstanding PASS Research | ||
| 504 | _aIncludes bibliographical references. | ||
| 650 | _aLeadership. | ||
| 650 | _aListening. | ||
| 650 | _aInterpersonal communication. | ||
| 942 |
_2lcc _cPASS |
||
| 999 |
_c98266 _d98266 |
||